BSOP header

保羅神學嶄新觀 Baoluo shen xue zhan xin guan = Paul : new perspectives {ch} / (Record no. 39409)

MARC details
000 -LEADER
fixed length control field 00988nam a2200253Ia 4500
001 - CONTROL NUMBER
control field ocn430880498
008 - FIXED-LENGTH DATA ELEMENTS--GENERAL INFORMATION
fixed length control field 090728s2008 cc b 000 0 chi d
020 ## - INTERNATIONAL STANDARD BOOK NUMBER
International Standard Book Number 9789622087125
041 1# - LANGUAGE CODE
Language code of text/sound track or separate title chi
Language code of original and/or intermediate translations of text eng
066 ## - CHARACTER SETS PRESENT
Alternate G0 or G1 character set $1
100 1# - MAIN ENTRY--PERSONAL NAME
Personal name Wright, N. T.
Fuller form of name (Nicholas Thomas)
240 10 - UNIFORM TITLE
Uniform title <a href="Paul, in fresh perspective.">Paul, in fresh perspective.</a>
Language of a work Chinese
245 10 - TITLE STATEMENT
Title 保羅神學嶄新觀 Baoluo shen xue zhan xin guan = Paul : new perspectives {ch} /
Statement of responsibility, etc Laite zhu ; Shao Zhangping, Shao Yin Miaozhen yi.
246 31 - VARYING FORM OF TITLE
Title proper/short title Paul :
Remainder of title new perspectives
250 ## - EDITION STATEMENT
Edition statement Chu ban.
260 ## - PUBLICATION, DISTRIBUTION, ETC. (IMPRINT)
Place of publication, distribution, etc Xianggang :
Name of publisher, distributor, etc Tian dao shu lou you xian gong si,
Date of publication, distribution, etc 2008.
300 ## - PHYSICAL DESCRIPTION
Extent xvii, 284 p. ;
Dimensions 22 cm.
490 ## - SERIES STATEMENT
Series statement Sheng jing yan jiu cong shu =
-- Bible studies series
500 ## - GENERAL NOTE
General note Translation of: Paul : in fresh perspectives.
504 ## - BIBLIOGRAPHY, ETC. NOTE
Bibliography, etc Includes bibliographical references (p. 279-284).
600 00 - SUBJECT ADDED ENTRY--PERSONAL NAME
Personal name Paul,
Titles and other words associated with a name the Apostle, Saint {ch}.
630 00 - SUBJECT ADDED ENTRY--UNIFORM TITLE
Uniform title Bible.
Name of part/section of a work Epistles of Paul
General subdivision Criticism, interpretation, etc.{ch}.
942 ## - ADDED ENTRY ELEMENTS (KOHA)
Source of classification or shelving scheme Library of Congress Classification
Item type Books
Koha issues (borrowed), all copies 6
Holdings
Withdrawn status Lost status Source of classification or shelving scheme Damaged status Not for loan Home library Current library Shelving location Date acquired Source of acquisition Inventory number Total Checkouts Total Renewals Full call number Barcode Checked out Date last seen Date last borrowed Price effective from Koha item type Copy number Public note
    Library of Congress Classification     BSOP Library BSOP Library Chinese Books (General Circulation) 08/20/2015   C-13312 6 1 BS2651 W93p 2008 00045878 04/12/2025 12/13/2024 12/13/2024 08/20/2015 Books    
    Library of Congress Classification     BSOP Library BSOP Library Chinese Books (General Circulation) 08/26/2025 Donation C-16051     BS2651 W93p 2008 00063192   02/02/2026   02/02/2026 Books c.2 Tien Dao
BSOP

Biblical Seminary of the Philippines
  All rights Reserved
  © 2024

CONTACT INFORMATION

Biblical Seminary of the Philippines,
  77-B Karuhatan Road, Valenzuela City,
  PHILIPPINES 1441
  Phone: +632 8292-6795 / 8292-6798
  Fax : +632 8292-6675
  Email: library@bsop.edu.ph